Insectos y arañas / (Registro nro. 11599)

Detalles MARC
000 -LIDER
fixed length control field 00846nam a22002777a 4500
001 - NÚMERO DE CONTROL
Identificador de número de control 000568
003 - IDENTIFICACDOR DE NÚMERO DE CONTROL
control field DO-SdBNP
005 - DATE AND TIME OF LATEST TRANSACTION
control field 20161019101728.0
007 - CAMPOS FIJOS DE DESCRIPCIÓN FÍSICA
fixed length control field 000568
008 - ELEMENTOS DE LONGITUD FIJA
fixed length control field 161019b 1994 sp a ||||| |||| 00| 0 spa d
020 ## - ISBN
International Standard Book Number 840131545X
040 ## - FUENTE DE CATALOGACIÓN
Agencia que crea de manera original el registro BPMSU
Idioma de catalogación spa
Agencia que realiza la transcripción BPMSU
041 17 - CÓDIGOS DE OBRAS TRADUCIDAS O EN VARIOS IDIOMAS
Código del idioma del texto/archivo de sonido o separata spa
Cód. del idioma original y/o traducciones intermedias del texto eng
082 ## - NÚMERO DE CLASIFICACIÓN DECIMAL DE DEWEY
Edition number xxxxx
Classification number xxxxx
240 ## - TITULO UNIFORME
Título uniforme Insects and spiders.
Idioma de una obra Español
245 10 - MENCIÓN DE TITULO
Título Insectos y arañas /
Mención de responsabilidad asesor, Paul Hillyard ; traductor Josep Sala Barbany.
260 ## - PUBLICACIÓN, DISTRIBUCIÓN, ETC. (PIE DE IMPRENTA)
Lugar de publicación, distribución, etc [s. l. ]
Nombre del editor, distribuidor, etc. Plaza Joven,
Fecha de publicación, distribución, etc 1994.
300 ## - DESCRIPCIÓN FÍSICA
Extensión 49 p. :
Otros detalles físicos il. ;
Dimensiones 31 cm.
490 1# - MENCIÓN DE SERIES
Mención de serie Enciclopedia ilustrada.
500 ## - NOTA GENERAL
Nota general Un libro Dorling Kindersley - Título página reverso.
700 1# - ASIENTO SECUNDARIO -- NOMBRE PERSONAL
Nombre personal Hillyard, Paul
700 1# - ASIENTO SECUNDARIO -- NOMBRE PERSONAL
Nombre personal Sala Barbany, Josep
Mención de responsabilidad tr.
830 #0 - ASIENTO SECUNDARIO DE SERIE--TÍTULO UNIFORME
Título uniforme Enciclopedia ilustrada.
942 ## - ADDED ENTRY ELEMENTS (KOHA)
Source of classification or shelving scheme Dewey Decimal Classification
Koha item type Libros
956 ## - LOCAL ELECTRONIC LOCATION AND ACCESS (OCLC)
Método de acceso LOPEREZ
Materiales especificados 10
Enlace 20161019
Campo enlazado y núm. de secuencia BPMSU
Nombre de host 00041
Existencias
Withdrawn status Lost status Source of classification or shelving scheme Damaged status Not for loan Collection code Home library Current library Date acquired Source of acquisition Total Checkouts Full call number Barcode Date last seen Price effective from Koha item type
    Dewey Decimal Classification     Colección General Biblioteca Pública Metropolitana Salomé Ureña Biblioteca Pública Metropolitana Salomé Ureña 10/19/2016 FUNDI   xxxxx BPMSU16100250 10/19/2016 10/19/2016 Libros